000 00429nam a2200169Ia 4500
008 221030s9999 xx 000 0 und d
020 _a8131502643
041 _aEnglish
082 _a105.23
100 _aT. F. Herbert
245 0 _aLinux TCP / IP Networking For Embedded Systems
_cby T. F. Herbert
250 _a2nd
260 _bThomson Learning
_aSingapore
_c2007
300 _a627
650 _aBE Computer
942 _cBK
999 _c5478
_d5478